Quest for ignorance (Record no. 526615)

000 -LEADER
fixed length control field 00223nam a22000977a 4500
082 ## - DEWEY DECIMAL CLASSIFICATION NUMBER
Classification number SNT B3x54 P59
100 ## - MAIN ENTRY--PERSONAL NAME
Personal name Panda, Sudhaker
9 (RLIN) 46091
245 ## - TITLE STATEMENT
Title Quest for ignorance
260 ## - PUBLICATION, DISTRIBUTION, ETC. (IMPRINT)
Place of publication, distribution, etc New Delhi
Name of publisher, distributor, etc Kunal
Date of publication, distribution, etc 2020
300 ## - PHYSICAL DESCRIPTION
Extent 145p.
Holdings
Withdrawn status Lost status Source of classification or shelving scheme Damaged status Koha normalized classification for sorting Not for loan Permanent location Current location Date acquired Full call number Barcode Date last seen Price effective from Koha item type
        SNT_B3X54_P59   Indian Institute of Public Administration Indian Institute of Public Administration 2024-06-13 SNT B3x54 P59 GR25002 2024-06-13 2024-06-13 GR

Powered by Koha